| 000 | 00854nam a2200277Ia 4500 | ||
|---|---|---|---|
| 001 | 20165 | ||
| 003 | DO-CoUTE | ||
| 005 | 20260204212635.0 | ||
| 008 | 220104s9999 dr 000 0 spa d | ||
| 020 | _a978-9945-582-23-9 | ||
| 040 |
_aDO-CoUTE _bspa _cDO-CoUTE |
||
| 041 | 0 | _aspa | |
| 082 | _aRD861.44 M632c | ||
| 100 | 1 | _aMieses, Juan Carlos | |
| 245 | 1 | 0 | _aCaminos sobre la mar: Obra poetica / Juan Carlos Mieses |
| 260 | _aSanto Domingo, República Dominicana : Banco Central | ||
| 300 | _a319 páginas | ||
| 490 | _aArte y Literatura | ||
| 500 | _aColección del Banco Central de la República Dominicana | ||
| 650 | 4 | _aLiteratura dominicana | |
| 650 | 4 | _aPoesía dominicana | |
| 710 | _aBanco Central de la República Dominicana | ||
| 942 |
_2ddc _cBK |
||
| 999 |
_c21570 _d21570 |
||